Pri dvadsiatom výročí smrti Márie Rázusovej-Martákovej

Bibliographic Details
Main Author: Gabul, Július (Author)
Format: Article
Language:Slovak
Subjects:

MARC

LEADER 00000nab a2200000 a 4500
001 vtls000191597
003 SK-MaSNL
005 20260305020827.0
008 160215c1984 xo 0 slo
015 |a SNBRB19rr/mm-uuuuu 
035 |a CL0201710 
040 |a SNKBUCL  |b slo  |c SNKBUCL  |e AACR2 
041 0 |a slo 
044 |a xo  |c SK 
080 |a 82:929:885.4  |2 1981 
080 |a 929  |2 1981 
080 |a 885.4  |2 1981 
080 |a 929 Rázusová-Martáková, Mária  |2 1981 
100 1 |a Gabul, Július  |4 aut  |9 843410 
245 1 0 |a Pri dvadsiatom výročí smrti Márie Rázusovej-Martákovej  |c Július Gabul 
600 1 7 |a Rázusová-Martáková, Mária,  |d 1905-1964  |2 snkbucl  |9 17404 
655 7 |a články z novín a časopisov  |2 snkbucl  |9 267496 
655 7 |a články z odboru literárna veda a krásna literatúra  |2 snkbucl  |9 770045 
773 0 |t Evanjelický posol spod Tatier  |g Roč. 74, č. 15 (1984), s. 176-177 
850 |a Slovenská národná knižnica v Martine  |a MTA001 
852 |a SNK  |b KIS3GCP 
958 |a BX 
958 |a RK 
958 |a LX 
992 |a RBX 
999 |c 3282521  |d 3284451